000 00410nam a22001457a 4500
005 20171101133231.0
008 171101b xxu||||| |||| 00| 0 eng d
040 _cPK-LaUMT
082 _aPKAC 320.95498
_bALT-S
100 _aAltaf Hasan Qureshi
245 _aSindh kay siyasi toofan/
_cAltaf Hasan Qureshi
260 _aلاہور:
_bمکتبہ اردو ڈائجسٹ،
_c1989
300 _a191 ص
942 _cBK
999 _c99757
_d99757